00552cam a22002291 4500001001300000003000400013005001700017008004100034010001700075025002000092035002000112040002100132042001200153050001600165100002700181245001800208260001100226300003100237500001600268650002100284999001700305sa 64008478 DLC20260227112054.0940930s1964 ii a 000 0 maro  asa 64008478  aPL480:I-Mar-720 a(OCoLC)31205632 aDLCcCUdCUdDLC apremarc00aPK2905b.S21 aSadhale, Anand,d1920-10aAmṛtamegha. c[1964] a86 p.bcol. illus.c19 cm. aIn Marathi. 0aPoets, Sanskrit. c60884d60884